Online hírnévmenedzsment a magyar könnyűzene világában

Bibliográfiai részletek
Szerző: Király Alida
További közreműködők: Totth Dr. Gedeon
Dokumentumtípus: Diplomadolgozat
Kulcsszavak:zene
hírnévmenedzsment
kommunikáció
könnyűzene
online kampány
online
Online Access:http://dolgozattar.uni-bge.hu/2192

MARC

LEADER 00000nta a2200000 i 4500
001 dolg2192
005 20160211165512.0
008 160211suuuu hu om 000 hun d
040 |a BGE Dolgozattár Repozitórium  |b hun 
041 |a hu 
100 1 |a Király Alida 
245 1 0 |a Online hírnévmenedzsment a magyar könnyűzene világában  |c Király Alida  |h [elektronikus dokumentum] 
246 1 1 |a Online hírnévmenedzsment a magyar könnyűzene világában 
695 |a zene 
695 |a hírnévmenedzsment 
695 |a kommunikáció 
695 |a könnyűzene 
695 |a online kampány 
695 |a online 
700 1 |a Totth Dr. Gedeon  |e ths 
856 4 0 |u http://dolgozattar.uni-bge.hu/2192/1/Kir%C3%A1ly%20Alida%20-%20Online%20h%C3%ADrn%C3%A9vmenedzsment%20a%20magyar%20k%C3%B6nny%C5%B1zene%20vil%C3%A1g%C3%A1ban.pdf  |z Dokumentum-elérés